| 000 | 00626nam a2200181Ia 4500 | ||
|---|---|---|---|
| 999 |
_c36539 _d36539 |
||
| 001 | 2457 | ||
| 003 | GE_BSU | ||
| 005 | 20210217110013.0 | ||
| 008 | 181216s2010||||ge |||||||||||||| ||geo|| | ||
| 040 | _cGE_BSU | ||
| 041 | _ageo | ||
| 080 | _a327(4) ე–35 | ||
| 245 |
_aევროპის სამეზობლო პოლიტიკა : _bსამოქმედო გეგმა ევროკავშირში. |
||
| 264 |
_aთბილისი, _c2010. |
||
| 300 |
_a343 გვ.: _b29 სმ. |
||
| 653 | _aევროპის სამეზობლო პოლიტიკა | ||
| 942 |
_cBK _2udc |
||